Bài giảng sản phụ khoa

Đã lưu trong:
書目詳細資料
主要作者: Nguyễn, Đức Vy
格式: 圖書
語言:Undetermined
出版: Hà Nội Y Học 2002
主題:
標簽: 添加標簽
沒有標簽, 成為第一個標記此記錄!
Thư viện lưu trữ: Trung tâm Học liệu Trường Đại học Cần Thơ
LEADER 00542nam a2200193Ia 4500
001 CTU_54551
008 210402s9999 xx 000 0 und d
020 |c 43500 
082 |a 618.2 
082 |b C561/T.2 
100 |a Nguyễn, Đức Vy 
245 0 |a Bài giảng sản phụ khoa 
245 0 |c Nguyễn Đức Vy 
260 |a Hà Nội 
260 |b Y Học 
260 |c 2002 
650 |a Obstetrics,Gynecology 
904 |i Mai, Cutter lấy theo tập 1 
980 |a Trung tâm Học liệu Trường Đại học Cần Thơ